000 00597nam a2200229Ia 4500
003 OSt
005 20221007072631.0
006 a|||||r|||| 00| 0
007 ta
008 221006b |||||||| |||| 00| 0 eng d
024 _a25,596
037 _cTextual
040 _aFLL
_cFLL
_beng
041 _2eng
_aeng
082 _aZ1y5, G9
100 _aDavison R.G.C.
_9691107
245 0 _aPublic international law
260 _aLondon
_bSweet & Maxwell Ltd. London
_c1939
300 _avi,1-92p
_ccm.
942 _hZ1y5, G9
_cTEXL
_2CC
999 _c1146605
_d1146605